All US presidents that have served 2 full terms - Statistics

General Stats
  • This quiz has been taken 47 times
  • The average score is 11 of 12
Answer Stats
Years in office Answer % Correct
2009-2017 Barack Obama
100%
1993-2001 Bill Clinton
95%
2001-2009 George W. Bush
95%
1981-1989 Ronald Reagan
95%
1953-1961 Dwight D. Eisenhower
93%
1913-1921 Woodrow Wilson
91%
1885-18891893-1897 Grover Cleveland
84%
1869-1877 Ulysses S. Grant
84%
1829-1837 Andrew Jackson
81%
1801-1809 Thomas Jefferson
81%
1817-1825 James Monroe
79%
1809-1817 James Madison
74%
No matching quizzes found
Score Distribution
Percent of People with Each Score
Percentile by Number Answered
Your Score History
You have not taken this quiz